000 02113nam a22003255a 4500
003 EG-ScBUE
005 20220410101445.0
008 160808s2016 enka f bd 001 0 eng d
020 _a1446282414
020 _a9781446282410
040 _aEG-ScBUE
_beng
_erda
_cEG-ScBUE
_dEG-ScBUE
082 0 4 _222
_a401.41
_bMET
245 0 0 _aMethods of critical discourse studies /
_cedited by Ruth Wodak, Michael Meyer.
250 _aThird edition.
264 1 _aLondon :
_bSage Publications Ltd,
_c2016.
300 _aix, 256 pages :
_billustrations ;
_c24 cm
336 _2rdacontent
_atext
_btxt
337 _2rdamedia
_aunmediated
_bn
338 _2rdacarrier
_avolume
_bnc
500 _aIncludes glossary.
504 _aIncludes bibliographical references and index.
505 _aChapter 1: Critical discourse studies: history, agenda, theory, and methodology / Ruth Wodak & Michael Meyer Chapter -- 2: The discourse-historical approach (DHA) / Martin Reisigl and Ruth Wodak -- Chapter 3: Critical discourse studies: a sociocognitive approach / Teun A. van Dijk -- Chapter 4: A dialectical-relational approach to critical discourse analysis in social research / Norman Fairclough -- Chapter 5: Analysing discourses and dispositives: a Foucauldian approach to theory and methodology / Siegfried Jager and Florentine Maier -- Chapter 6: Discourse as the recontextualization of social practice - a guide / Theo van Leeuwen -- Chapter 7: Checks and balances: how corpus linguistics can contribute to CDA / Gerlinde Mautner -- Chapter 8: Critical analysis of visual and multimodal texts / Dennis Jancsary, Markus A. Hollerer, Renate E. Meyer -- Chapter 9: Critical discourse studies and social media: power, resistance and critique in changing media ecologies / Majid KhosraviNik and Johann W. Unger.
650 7 _2BUEsh
_940681
_aDiscourse analysis
_xMethodology.
651 _2BUEsh
653 _cAugust 2016
_bHHUUEENN
655 _vReading book
_934232
700 1 _940682
_aWodak, Ruth,
_d1950-
_eeditor.
700 1 _918507
_aMeyers, Michael,
_d1964-
_eeditor.
942 _2ddc
_e22
_k401.41 MET
_cBB
999 _c22128
_d22100